00657nam a2200229Ia 4500008004100000020001600041050000800057050001600065100001800081245001800099245002200117245005200139260002100191260003600212260000900248300002700257300001100284650001700295650005000312650004600362999001900408170203s9999 xx 000 0 und d a0-307124746 aFic b.D612p 1995 aPackard, Mary aPocahontas :  binto the forest / cby Mary Packard ; illustrated by Darrell Baker. aNew York, NY. :  bWestern Publishing Company Inc. c1995 bcolor illustrations ;  c24 cm. aBoard books. aIndians of North America -- Juvenile fiction. aPocahontas, -- -1617 -- Juvenile fiction. c306203d306203